000 00444nam a2200169 a 4500
001 0000-8508
003 ELIB.Books
008 110520 1968
035 _a(ELIB.Books)0000-8653
082 _a177
_bSey
100 _aSeymour, Peter
245 _aThe Treaure of Friendship
260 _bKansas City: Hallmark Cards Inc.,
_c1968
650 _aEthics of Social Relations
942 _2ddc
_cBK
998 _cbat
_e2011-05-20
999 _c8508
_d8508